[Event "32. Copenhagen Open (Politiken Cup)"]
[Site "Elsinore"]
[Date "2010.08.07"]
[Round "9"]
[White "Wiecker, Stefan"]
[Black "Rodvik, Trym Daniel"]
[Result "1-0"]
[WhiteElo "2188"]
[BlackElo "1750"]
[PlyCount "81"]
[EventDate "2010.07.31"]
[EventType "swiss"]
[EventRounds "10"]
[EventCountry "DEN"]
[Source "ChessBase"]
[SourceDate "2010.09.01"]

1. e4 Nf6 2. e5 Nd5 3. d4 d6 4. c4 Nb6 5. exd6 exd6 6. Nc3 Nc6 7. Be3 Bf5 8.
Rc1 Be7 9. Nf3 O-O 10. d5 Nb8 11. Be2 N8d7 12. O-O Bf6 13. Nd4 Bg6 14. f4 Re8
15. Bf2 h6 16. b4 Nc8 17. Re1 a5 18. a3 Ne7 19. Bf3 Nf5 20. Rxe8+ Qxe8 21. Nxf5
Bxf5 22. Nb5 Qd8 23. c5 axb4 24. axb4 Bb2 25. cxd6 cxd6 26. g4 Bxc1 27. Qxc1
Qf6 28. Nd4 Bd3 29. Qc3 Bb1 30. Qc1 Bd3 31. Qc3 Bb1 32. Qc7 Qxf4 33. Qxd7 Be4
34. Kg2 f5 35. h3 Ra2 36. Qc8+ Kh7 37. Qc3 fxg4 38. hxg4 Qxg4+ 39. Kf1 Qh3+ 40.
Kg1 h5 41. Bxe4+ 1-0

[Event "32. Copenhagen Open (Politiken Cup)"]
[Site "Elsinore"]
[Date "2010.08.07"]
[Round "9"]
[White "Zachariassen, John"]
[Black "Willumsen, Henrik"]
[Result "0-1"]
[WhiteElo "1970"]
[BlackElo "2165"]
[PlyCount "60"]
[EventDate "2010.07.31"]
[EventType "swiss"]
[EventRounds "10"]
[EventCountry "DEN"]
[Source "ChessBase"]
[SourceDate "2010.09.01"]

1. d3 e5 2. Nf3 Nc6 3. Nbd2 d6 4. e4 Be7 5. Be2 Be6 6. c3 Qd7 7. d4 exd4 8.
cxd4 d5 9. Bb5 dxe4 10. Ne5 Qd5 11. Qa4 Bd7 12. Nxd7 Qxd7 13. Nxe4 O-O-O 14.
Be3 Bb4+ 15. Kf1 Nge7 16. Rc1 Qd5 17. Nc5 Bxc5 18. Rxc5 Qe4 19. d5 Qxa4 20.
Bxa4 Nxd5 21. Bxc6 Nxe3+ 22. Ke2 Ng4 23. Be4 Rde8 24. f3 g6 25. Rhc1 c6 26. Kf1
Ne5 27. f4 Nd7 28. R5c4 Nb6 29. Rb4 Kc7 30. Rc2 a5 0-1

[Event "32. Copenhagen Open (Politiken Cup)"]
[Site "Elsinore"]
[Date "2010.08.08"]
[Round "10"]
[White "Aagaard, Jacob"]
[Black "Bulski, Krzysztof"]
[Result "1/2-1/2"]
[WhiteElo "2542"]
[BlackElo "2434"]
[PlyCount "33"]
[EventDate "2010.07.31"]
[EventType "swiss"]
[EventRounds "10"]
[EventCountry "DEN"]
[Source "ChessBase"]
[SourceDate "2010.09.01"]

1. c4 e6 2. Nc3 d5 3. d4 Be7 4. Nf3 Nf6 5. Bg5 h6 6. Bxf6 Bxf6 7. e3 O-O 8. Qd2
c6 9. O-O-O Nd7 10. g4 g6 11. h4 Bg7 12. g5 h5 13. e4 dxc4 14. e5 Qa5 15. Bxc4
b5 16. Bd3 c5 17. Nxb5 1/2-1/2

[Event "32. Copenhagen Open (Politiken Cup)"]
[Site "Elsinore"]
[Date "2010.08.08"]
[Round "10"]
[White "Andersen, Dag"]
[Black "Wiecker, Stefan"]
[Result "0-1"]
[WhiteElo "1899"]
[BlackElo "2188"]
[PlyCount "108"]
[EventDate "2010.07.31"]
[EventType "swiss"]
[EventRounds "10"]
[EventCountry "DEN"]
[Source "ChessBase"]
[SourceDate "2010.09.01"]

1. d4 Nf6 2. Nf3 g6 3. Bg5 Bg7 4. Nbd2 O-O 5. e4 d5 6. e5 Ne4 7. Be3 c5 8. c3
cxd4 9. cxd4 Bg4 10. Be2 Nc6 11. O-O Nxd2 12. Qxd2 Qb6 13. h3 Bxf3 14. Bxf3 e6
15. Rfc1 Rfc8 16. Be2 Bf8 17. h4 Qb4 18. Rc3 Qa5 19. Qd1 Bb4 20. Rb3 Rab8 21.
a3 Be7 22. h5 Qd8 23. hxg6 hxg6 24. Bf4 Na5 25. Rh3 Nc4 26. Bc1 Qb6 27. b3 Na5
28. Qd2 Bf8 29. Qd3 Bg7 30. a4 Nc6 31. Rh4 Nb4 32. Qf3 Nc2 33. Bh6 Nxd4 34. Qe3
Nxe2+ 35. Qxe2 Bxh6 36. Rxh6 Kg7 37. Rh3 Rh8 38. Rxh8 Rxh8 39. Qf3 Qd8 40. g3
Qg5 41. Re1 Rc8 42. Kg2 Rc2 43. g4 Rd2 44. Re3 Rd4 45. Kg3 a5 46. Qe2 Qf4+ 47.
Kh3 Qh6+ 48. Kg2 Qh4 49. f3 Qg5 50. Kh3 Qh6+ 51. Kg2 Qf4 52. Qf2 Rd1 53. Re2
Rd3 54. Rb2 b6 0-1

[Event "32. Copenhagen Open (Politiken Cup)"]
[Site "Elsinore"]
[Date "2010.08.08"]
[Round "10"]
[White "Andersen, Daniel"]
[Black "Jorgensen, Carina Eilegaard"]
[Result "1-0"]
[WhiteElo "1926"]
[BlackElo "2038"]
[PlyCount "69"]
[EventDate "2010.07.31"]
[EventType "swiss"]
[EventRounds "10"]
[EventCountry "DEN"]
[Source "ChessBase"]
[SourceDate "2010.09.01"]

1. c4 Nf6 2. Nc3 e6 3. e4 d5 4. e5 d4 5. exf6 dxc3 6. fxg7 cxd2+ 7. Bxd2 Bxg7
8. Qc2 Nc6 9. Nf3 Qe7 10. a3 Nd4 11. Nxd4 Bxd4 12. Bd3 Qf6 13. O-O-O Qxf2 14.
Be4 c6 15. Kb1 e5 16. Rdf1 Qh4 17. Bf5 Qh5 18. Bxc8 Rxc8 19. Rf5 Qg6 20. Rhf1
Rc7 21. Bc3 Bxc3 22. Qxc3 Re7 23. Ka2 Qd6 24. c5 Qd5+ 25. Ka1 Rg8 26. Re1 f6
27. Rxf6 Rxg2 28. Qh3 Rd2 29. Qh5+ Kd8 30. Rd6+ Kc7 31. Rxd5 Rxd5 32. Qg5 Kd7
33. Qf5+ Kc7 34. Re4 Rxc5 35. Rh4 1-0

[Event "32. Copenhagen Open (Politiken Cup)"]
[Site "Elsinore"]
[Date "2010.08.08"]
[Round "10"]
[White "Andersen, Guttorm"]
[Black "Hansen, Verner"]
[Result "0-1"]
[WhiteElo "1774"]
[BlackElo "1927"]
[PlyCount "128"]
[EventDate "2010.07.31"]
[EventType "swiss"]
[EventRounds "10"]
[EventCountry "DEN"]
[Source "ChessBase"]
[SourceDate "2010.09.01"]

1. e4 e5 2. Nc3 Nc6 3. f4 d6 4. fxe5 dxe5 5. Nf3 a6 6. Bc4 Bc5 7. d3 Nf6 8. Bg5
Bg4 9. Nd5 Qd6 10. c3 O-O-O 11. Qe2 Rd7 12. O-O-O Re8 13. Rhf1 Nxd5 14. Bxd5 f6
15. Be3 Be6 16. Bxe6 Rxe6 17. d4 exd4 18. cxd4 Bb6 19. Bf2 Qf4+ 20. Nd2 Ba5 21.
Bg1 Bxd2+ 22. Rxd2 Qxe4 23. Qxe4 Rxe4 24. Rfd1 Nb4 25. a3 Nd5 26. Kc2 Rde7 27.
Kb3 Kd7 28. h3 Re2 29. g3 c6 30. Kc4 Ne3+ 31. Bxe3 R2xe3 32. Rd3 Rxd3 33. Kxd3
Kd6 34. a4 Kd5 35. Rc1 g6 36. b4 f5 37. Rc5+ Kd6 38. Rc1 b6 39. a5 bxa5 40.
bxa5 Rb7 41. Kc4 Rb2 42. Rc3 Ra2 43. Kb4 Rh2 44. h4 f4 45. Rf3 fxg3 46. Rxg3
Rxh4 47. Kc4 Rh5 48. Kb4 Rb5+ 49. Ka4 Rd5 50. Rg4 g5 51. Kb4 h5 52. Re4 Rb5+
53. Ka4 Rb8 54. Re5 Rg8 55. Rf5 h4 56. d5 Rg6 57. dxc6 Kxc6 58. Rf8 h3 59. Rb8
Kc7 60. Rh8 g4 61. Rh7+ Kd6 62. Rb7 Kc5 63. Rc7+ Kd4 64. Rh7 g3 0-1

[Event "32. Copenhagen Open (Politiken Cup)"]
[Site "Elsinore"]
[Date "2010.08.08"]
[Round "10"]
[White "Andersen, Harry"]
[Black "Jensen, Niels Christian"]
[Result "1/2-1/2"]
[WhiteElo "1871"]
[BlackElo "1993"]
[PlyCount "66"]
[EventDate "2010.07.31"]
[EventType "swiss"]
[EventRounds "10"]
[EventCountry "DEN"]
[Source "ChessBase"]
[SourceDate "2010.09.01"]

1. e4 c5 2. Nf3 d6 3. d4 cxd4 4. Nxd4 Nf6 5. Nc3 a6 6. a4 e6 7. Be2 Be7 8. Be3
b6 9. Bf3 Nfd7 10. O-O Bb7 11. Bg4 O-O 12. Bxe6 fxe6 13. Nxe6 Qc8 14. Nxf8 Qxf8
15. Nd5 Bd8 16. f3 Nc6 17. Nf4 Qf6 18. b3 Ne7 19. Qd2 Bc7 20. Rfe1 d5 21. Nxd5
Nxd5 22. exd5 Qd6 23. f4 Qxd5 24. Qxd5+ Bxd5 25. Rad1 Nf6 26. Bd4 Rd8 27. Re7
Bxf4 28. Bxf6 gxf6 29. c4 Bd6 30. Ree1 Bf7 31. Kf2 Bc5+ 32. Kf3 Rxd1 33. Rxd1
a5 1/2-1/2

[Event "32. Copenhagen Open (Politiken Cup)"]
[Site "Elsinore"]
[Date "2010.08.08"]
[Round "10"]
[White "Andersson, Christin"]
[Black "Sjol, Henrik"]
[Result "1/2-1/2"]
[WhiteElo "2129"]
[BlackElo "1849"]
[PlyCount "50"]
[EventDate "2010.07.31"]
[EventType "swiss"]
[EventRounds "10"]
[EventCountry "DEN"]
[Source "ChessBase"]
[SourceDate "2010.09.01"]

1. e4 c6 2. d4 d5 3. exd5 cxd5 4. Nf3 Nc6 5. c4 g6 6. cxd5 Qxd5 7. Nc3 Qd8 8.
d5 Nb8 9. Qd4 Nf6 10. Bf4 Bd7 11. Nb5 Na6 12. d6 Bg7 13. Nc7+ Nxc7 14. dxc7 Qc8
15. Bc4 O-O 16. O-O Nh5 17. Be5 Bc6 18. Ng5 Bxe5 19. Qxe5 Qg4 20. Bd5 Bxd5 21.
Qxd5 Nf4 22. h3 Nxd5 23. hxg4 Nxc7 24. Rac1 Rac8 25. Rfd1 h6 1/2-1/2

[Event "32. Copenhagen Open (Politiken Cup)"]
[Site "Elsinore"]
[Date "2010.08.08"]
[Round "10"]
[White "Andreassen, Mikkel"]
[Black "Larsen, Bror Johannes"]
[Result "0-1"]
[WhiteElo "1968"]
[BlackElo "1750"]
[PlyCount "112"]
[EventDate "2010.07.31"]
[EventType "swiss"]
[EventRounds "10"]
[EventCountry "DEN"]
[Source "ChessBase"]
[SourceDate "2010.09.01"]

1. d4 Nf6 2. c4 g6 3. g3 Bg7 4. Bg2 d6 5. Nc3 O-O 6. Nf3 Nbd7 7. O-O Re8 8. e4
e5 9. d5 Nc5 10. Qc2 a5 11. h3 Bd7 12. Be3 b6 13. Rae1 Qc8 14. Kh2 Nh5 15. Nd2
f5 16. f4 exf4 17. Bxf4 fxe4 18. Be3 Be5 19. Ndxe4 Bf5 20. Bf4 Nxf4 21. gxf4
Bxc3 22. bxc3 Nxe4 23. Bxe4 Rxe4 24. Rxe4 Bxe4 25. Qxe4 Qe8 26. Re1 Qxe4 27.
Rxe4 Kf7 28. Kg3 Re8 29. Rxe8 Kxe8 30. Kg4 h6 31. h4 Kf7 32. f5 Kf6 33. fxg6
Kxg6 34. h5+ Kf6 35. Kf4 a4 36. a3 Ke7 37. Kf5 Kf7 38. c5 dxc5 39. c4 Ke7 40.
Ke5 Kd7 41. Kf5 Kd6 42. Ke4 c6 43. dxc6 Kxc6 44. Kd3 b5 45. cxb5+ Kxb5 46. Kc3
Kc6 47. Kc4 Kd6 48. Kc3 Kd5 49. Kd3 c4+ 50. Kc3 Kc5 51. Kc2 Kd4 52. Kd2 c3+ 53.
Kc2 Kc4 54. Kc1 Kb3 55. Kb1 Kxa3 56. Kc1 Kb4 0-1

[Event "32. Copenhagen Open (Politiken Cup)"]
[Site "Elsinore"]
[Date "2010.08.08"]
[Round "10"]
[White "Bach, Matthias"]
[Black "Pedersen, Hans Buus"]
[Result "1-0"]
[WhiteElo "2303"]
[BlackElo "2144"]
[PlyCount "121"]
[EventDate "2010.07.31"]
[EventType "swiss"]
[EventRounds "10"]
[EventCountry "DEN"]
[Source "ChessBase"]
[SourceDate "2010.09.01"]

1. f4 d5 2. b3 Nf6 3. Nf3 g6 4. e3 Bg7 5. Bb2 O-O 6. Be2 c5 7. O-O Nc6 8. Ne5
Nxe5 9. Bxe5 Nd7 10. Bxg7 Kxg7 11. Bf3 Nf6 12. d3 Qc7 13. Nd2 b5 14. c4 Be6 15.
cxb5 a6 16. bxa6 Rxa6 17. Qc2 Rc8 18. Qb2 Kg8 19. Rf2 Rd8 20. d4 Rda8 21. Nf1
Qb6 22. dxc5 Qxc5 23. Rc2 Qb4 24. Qd4 Rb8 25. Qxb4 Rxb4 26. Nd2 Bf5 27. Rc7 Kf8
28. a4 Ra5 29. h3 h5 30. Rac1 Ne4 31. Bxe4 Bxe4 32. R1c5 Ra6 33. R5c6 Ra5 34.
Rc8+ Kg7 35. R6c7 Bf5 36. Re8 Be6 37. Rexe7 Kf6 38. Rb7 Rxb7 39. Rxb7 Rc5 40.
Kf2 Rc2 41. Ke2 Ra2 42. Kd3 Bf5+ 43. e4 dxe4+ 44. Nxe4+ Bxe4+ 45. Kxe4 Rxg2 46.
a5 Re2+ 47. Kf3 Ra2 48. b4 Ra3+ 49. Kg2 h4 50. Rb5 Ke6 51. Kf2 f6 52. Ke2 g5
53. fxg5 fxg5 54. Rxg5 Rxh3 55. a6 Rc3 56. Rc5 Rg3 57. a7 Rg8 58. b5 h3 59. b6
h2 60. Rh5 Kd6 61. b7 1-0

[Event "32. Copenhagen Open (Politiken Cup)"]
[Site "Elsinore"]
[Date "2010.08.08"]
[Round "10"]
[White "Bjorneboe, Kristian"]
[Black "Capion, Jon Gotz"]
[Result "0-1"]
[WhiteElo "1979"]
[BlackElo "1799"]
[PlyCount "78"]
[EventDate "2010.07.31"]
[EventType "swiss"]
[EventRounds "10"]
[EventCountry "DEN"]
[Source "ChessBase"]
[SourceDate "2010.09.01"]

1. d4 Nf6 2. Nf3 e6 3. Nbd2 d6 4. e4 Nbd7 5. c4 e5 6. d5 Nc5 7. Qc2 a5 8. Be2
g5 9. Nxg5 Nxd5 10. cxd5 Qxg5 11. Bf3 Qg6 12. Nf1 h5 13. Ne3 Bh6 14. h3 Bxe3
15. Bxe3 b6 16. O-O-O f5 17. Rde1 f4 18. Bd2 Ba6 19. Kd1 Rc8 20. Qc3 Nd3 21.
Ref1 Nb4 22. Rfg1 Nd3 23. Rf1 Nc5 24. Re1 Bd3 25. Bxf4 Bxe4 26. Bxe5 Bxf3+ 27.
Qxf3 dxe5 28. Rxe5+ Kd7 29. Rf5 Rcf8 30. Rxf8 Rxf8 31. Qxf8 Qb1+ 32. Ke2 Qxh1
33. Qf5+ Kd6 34. Kf3 Qd1+ 35. Kf4 Qxd5 36. Qxd5+ Kxd5 37. Kg5 Ne4+ 38. Kxh5
Nxf2 39. g4 Nxh3 0-1

[Event "32. Copenhagen Open (Politiken Cup)"]
[Site "Elsinore"]
[Date "2010.08.08"]
[Round "10"]
[White "Boje, Tobias Rosholm"]
[Black "Halldorsson, Bragi"]
[Result "1-0"]
[WhiteElo "2028"]
[BlackElo "2253"]
[PlyCount "101"]
[EventDate "2010.07.31"]
[EventType "swiss"]
[EventRounds "10"]
[EventCountry "DEN"]
[Source "ChessBase"]
[SourceDate "2010.09.01"]

1. e4 c6 2. d4 d5 3. Nc3 dxe4 4. Nxe4 Bf5 5. Ng3 Bg6 6. h4 h6 7. Nf3 Nd7 8. h5
Bh7 9. Bd3 Bxd3 10. Qxd3 Ngf6 11. Bf4 e6 12. O-O-O Be7 13. Kb1 a5 14. Ne4 Nxe4
15. Qxe4 Nf6 16. Qe2 a4 17. Ne5 a3 18. b3 Rc8 19. c4 O-O 20. g4 b5 21. g5 hxg5
22. Bxg5 bxc4 23. Qxc4 Ne4 24. Bxe7 Qxe7 25. Qc2 Nd6 26. Rdg1 Nf5 27. h6 g6 28.
Qe4 Kh7 29. Qg4 Rg8 30. Rd1 c5 31. d5 Nd4 32. Qf4 f5 33. Nf3 Nxf3 34. Qxf3 e5
35. d6 Qe6 36. d7 e4 37. Qe2 Rc7 38. Rd2 Rd8 39. Rhd1 c4 40. Rd6 Qe7 41. bxc4
Rb7+ 42. Kc1 Qe5 43. R1d4 Rb2 44. Qe3 Rxa2 45. Qg5 Rxf2 46. Qxd8 Qf4+ 47. Rd2
e3 48. Qe7+ Kxh6 49. Qf8+ Kh5 50. Qh8+ Kg5 51. Rxg6+ 1-0

[Event "32. Copenhagen Open (Politiken Cup)"]
[Site "Elsinore"]
[Date "2010.08.08"]
[Round "10"]
[White "Brauener, Jonathan"]
[Black "Halamus, Agata"]
[Result "1-0"]
[WhiteElo "1885"]
[BlackElo "1996"]
[PlyCount "101"]
[EventDate "2010.07.31"]
[EventType "swiss"]
[EventRounds "10"]
[EventCountry "DEN"]
[Source "ChessBase"]
[SourceDate "2010.09.01"]

1. e4 c5 2. Nc3 Nc6 3. f4 g6 4. Nf3 Bg7 5. Bb5 Nd4 6. O-O a6 7. Bc4 b5 8. Bd5
Rb8 9. d3 e6 10. Bb3 Ne7 11. Kh1 Nxb3 12. axb3 d5 13. Qe1 f5 14. Qf2 d4 15. Ne2
O-O 16. b4 cxb4 17. Nexd4 fxe4 18. dxe4 e5 19. fxe5 Bxe5 20. Be3 Bf4 21. Bxf4
Rxf4 22. Qg3 Qf8 23. Nd2 g5 24. Ne2 Ng6 25. Nxf4 gxf4 26. Qg5 Rb6 27. Nf3 Rf6
28. Ne5 Kg7 29. Ng4 Rf7 30. Rad1 Bxg4 31. Qxg4 Qe7 32. Rd4 Qe5 33. Rfd1 f3 34.
gxf3 Rf4 35. Qg3 Qh5 36. R4d3 Qe5 37. Rg1 Qf6 38. Qh3 Rh4 39. Qg3 Rf4 40. c3
bxc3 41. Rxc3 b4 42. Rd3 Kh6 43. Qh3+ Rh4 44. Qf5 Qxf5 45. exf5 Ne5 46. Rd6+
Kh5 47. Rxa6 Nxf3 48. Rg2 Rd4 49. Ra1 Nh4 50. Rf2 Kg5 51. f6 1-0

[Event "32. Copenhagen Open (Politiken Cup)"]
[Site "Elsinore"]
[Date "2010.08.08"]
[Round "10"]
[White "Brunello, Sabino"]
[Black "Holst, Conny"]
[Result "1-0"]
[WhiteElo "2488"]
[BlackElo "2185"]
[PlyCount "61"]
[EventDate "2010.07.31"]
[EventType "swiss"]
[EventRounds "10"]
[EventCountry "DEN"]
[Source "ChessBase"]
[SourceDate "2010.09.01"]

1. e4 c5 2. Nf3 d6 3. d4 cxd4 4. Nxd4 Nf6 5. Nc3 Nc6 6. Bc4 e6 7. Be3 a6 8. Bb3
Na5 9. Qd2 b5 10. f3 Bb7 11. O-O-O Nxb3+ 12. axb3 Be7 13. g4 Nd7 14. g5 Qc7 15.
h4 Rc8 16. h5 b4 17. Nce2 Nc5 18. Kb1 g6 19. hxg6 fxg6 20. Nf4 Kf7 21. Qxb4 e5
22. Qc4+ Ke8 23. Nxg6 exd4 24. Bxd4 hxg6 25. Rxh8+ Kd7 26. Rxc8 Kxc8 27. Qg8+
Qd8 28. Qxg6 Nd7 29. f4 Nf8 30. Qf5+ Kb8 31. g6 1-0

[Event "32. Copenhagen Open (Politiken Cup)"]
[Site "Elsinore"]
[Date "2010.08.08"]
[Round "10"]
[White "Brynell, Stellan"]
[Black "Ochsner, Bjorn Moller"]
[Result "1-0"]
[WhiteElo "2495"]
[BlackElo "2165"]
[PlyCount "73"]
[EventDate "2010.07.31"]
[EventType "swiss"]
[EventRounds "10"]
[EventCountry "DEN"]
[Source "ChessBase"]
[SourceDate "2010.09.01"]

1. d4 Nf6 2. c4 g6 3. g3 Bg7 4. Bg2 O-O 5. Nc3 d6 6. Nf3 Nbd7 7. O-O e5 8. e4
exd4 9. Nxd4 Re8 10. h3 a6 11. Be3 Rb8 12. b3 Qe7 13. a4 c5 14. Nde2 Ne5 15.
Ra2 Nc6 16. Rd2 Rd8 17. Re1 h5 18. Bg5 Be6 19. f4 Qf8 20. f5 gxf5 21. exf5 Bxf5
22. Rf1 Ne7 23. Nf4 Nh7 24. Bxe7 Qxe7 25. Nfd5 Qd7 26. Rxf5 Bxc3 27. Rd3 Re8
28. Qxh5 Be5 29. Nf4 Bxf4 30. gxf4 f6 31. Rg3+ Kh8 32. Rxf6 Rg8 33. Rxg8+ Rxg8
34. Rf7 Rxg2+ 35. Kxg2 Qc6+ 36. Kf2 Qh1 37. Qxh7# 1-0

[Event "32. Copenhagen Open (Politiken Cup)"]
[Site "Elsinore"]
[Date "2010.08.08"]
[Round "10"]
[White "Christensen, Anders"]
[Black "Krasenkova, Ilena"]
[Result "0-1"]
[WhiteElo "1971"]
[BlackElo "2128"]
[PlyCount "60"]
[EventDate "2010.07.31"]
[EventType "swiss"]
[EventRounds "10"]
[EventCountry "DEN"]
[Source "ChessBase"]
[SourceDate "2010.09.01"]

1. d4 Nf6 2. c4 g6 3. g3 d5 4. Nf3 Bg7 5. Bg2 O-O 6. O-O dxc4 7. Nc3 Nbd7 8.
Qc2 Nb6 9. Bg5 c6 10. Bxf6 Bxf6 11. Rad1 Qc7 12. h4 Bg4 13. Nh2 Bd7 14. h5 Rad8
15. hxg6 hxg6 16. Nf3 Bg4 17. Ne4 Bg7 18. Nh2 Bf5 19. e3 e5 20. dxe5 Qxe5 21.
g4 Bxe4 22. Bxe4 Qxb2 23. Bxg6 fxg6 24. Qxg6 Qf6 25. Qh5 Rxd1 26. Rxd1 Qxf2+
27. Kh1 Qxe3 28. Qg6 Nd5 29. g5 Qe2 30. Rg1 Rf2 0-1

[Event "32. Copenhagen Open (Politiken Cup)"]
[Site "Elsinore"]
[Date "2010.08.08"]
[Round "10"]
[White "Christensen, Bo Garner"]
[Black "Hornsgaard, Jens Boe"]
[Result "1-0"]
[WhiteElo "2288"]
[BlackElo "2044"]
[PlyCount "47"]
[EventDate "2010.07.31"]
[EventType "swiss"]
[EventRounds "10"]
[EventCountry "DEN"]
[Source "ChessBase"]
[SourceDate "2010.09.01"]

1. e4 c5 2. Nf3 e6 3. b4 cxb4 4. a3 Nc6 5. axb4 Bxb4 6. c3 Be7 7. d4 d6 8. Bd3
Nf6 9. Na3 e5 10. h3 O-O 11. Nc2 d5 12. exd5 Nxd5 13. Nxe5 Nxc3 14. Nxc6 bxc6
15. Qd2 Nd5 16. O-O Be6 17. Ba3 Re8 18. Bxe7 Qxe7 19. Ra6 Qh4 20. Re1 Nf4 21.
Bf1 Qg5 22. Kh2 Bc4 23. Ra5 f5 24. Bxc4+ 1-0

[Event "32. Copenhagen Open (Politiken Cup)"]
[Site "Elsinore"]
[Date "2010.08.08"]
[Round "10"]
[White "Christensen, Casper"]
[Black "Tozaki, Halil"]
[Result "1-0"]
[WhiteElo "1888"]
[BlackElo "2030"]
[PlyCount "55"]
[EventDate "2010.07.31"]
[EventType "swiss"]
[EventRounds "10"]
[EventCountry "DEN"]
[Source "ChessBase"]
[SourceDate "2010.09.01"]

1. e4 c5 2. Nf3 e6 3. b3 Nc6 4. Bb5 a6 5. Bxc6 bxc6 6. Bb2 d5 7. Qe2 Nf6 8. e5
Nd7 9. O-O a5 10. d3 Nb6 11. c4 Ba6 12. Ba3 Nd7 13. Re1 Be7 14. Nc3 Nb6 15. Kh1
h5 16. Ng1 g5 17. Rf1 Kd7 18. f4 gxf4 19. Rxf4 Qg8 20. Qf2 Rh7 21. Bxc5 Nc8 22.
Na4 Qf8 23. Rf1 Ke8 24. Nf3 Bxc5 25. Nxc5 Ne7 26. Nxe6 Qh6 27. Rf6 Ng6 28. Nc7+
1-0

[Event "32. Copenhagen Open (Politiken Cup)"]
[Site "Elsinore"]
[Date "2010.08.08"]
[Round "10"]
[White "Christensen, Klaus"]
[Black "Akdag, Dara Sevkan"]
[Result "0-1"]
[WhiteElo "2009"]
[BlackElo "2164"]
[PlyCount "60"]
[EventDate "2010.07.31"]
[EventType "swiss"]
[EventRounds "10"]
[EventCountry "DEN"]
[Source "ChessBase"]
[SourceDate "2010.09.01"]

1. d4 Nf6 2. c4 c5 3. Nf3 cxd4 4. Nxd4 e5 5. Nb5 d5 6. cxd5 Bc5 7. N5c3 O-O 8.
g3 Ng4 9. e3 f5 10. Be2 Qg5 11. Bxg4 fxg4 12. O-O Qh5 13. Ne4 Nd7 14. d6 Kh8
15. Qd5 Nf6 16. Nxf6 Rxf6 17. d7 Bxd7 18. Qxd7 Rh6 19. h4 gxh3 20. Qd5 Rd6 21.
Qe4 Rd1 22. Nd2 Rf8 23. g4 h2+ 24. Kh1 Rxf1+ 25. Nxf1 Qh3 26. f4 Qxf1+ 27. Kxh2
exf4 28. exf4 Bg1+ 29. Kg3 Qf2+ 30. Kh3 Qh2# 0-1

[Event "32. Copenhagen Open (Politiken Cup)"]
[Site "Elsinore"]
[Date "2010.08.08"]
[Round "10"]
[White "Christiansen, Torsten Sundgaar"]
[Black "Larsen, Tor Ketil"]
[Result "1-0"]
[WhiteElo "1733"]
[BlackElo "2022"]
[PlyCount "147"]
[EventDate "2010.07.31"]
[EventType "swiss"]
[EventRounds "10"]
[EventCountry "DEN"]
[Source "ChessBase"]
[SourceDate "2010.09.01"]

1. e4 d6 2. Nf3 Nf6 3. Nc3 g6 4. Bc4 Bg7 5. h3 c6 6. O-O b5 7. Bb3 b4 8. Ne2
Nxe4 9. d3 Nc5 10. Re1 Nxb3 11. axb3 Bb7 12. c3 a5 13. Be3 O-O 14. Qd2 c5 15.
Nh2 Nc6 16. Bh6 e6 17. Ng4 Ne5 18. Bxg7 Kxg7 19. Qh6+ Kg8 20. Ng3 Nxg4 21. hxg4
Qf6 22. Re3 Qg7 23. Qh4 bxc3 24. bxc3 Qxc3 25. Rae1 Rfe8 26. Nf5 Rf8 27. d4
Qxe1+ 28. Rxe1 exf5 29. gxf5 gxf5 30. Qg5+ Kh8 31. Qf6+ Kg8 32. Re3 f4 33. Rh3
Rfe8 34. dxc5 Re6 35. Qxf4 dxc5 36. Rg3+ Kf8 37. Qc7 Bc8 38. Qxc5+ Ke8 39. Rg8+
Kd7 40. Qf8 Rg6 41. Qxf7+ Kd6 42. Rd8+ Kc6 43. Qxh7 Re6 44. Qc2+ Kb7 45. Qc5
Rc6 46. Qd5 Raa6 47. Rg8 Kb8 48. Qe5+ Ka7 49. f4 a4 50. Qd4+ Rab6 51. bxa4 Rd6
52. Qc5 Rdc6 53. Rxc8 Rxc5 54. Rxc5 Rf6 55. g3 Kb6 56. Re5 Kc6 57. Kf2 Rf8 58.
Kf3 Kd6 59. a5 Rb8 60. a6 Rb3+ 61. Re3 Rb8 62. a7 Ra8 63. Ra3 Ke6 64. Ke4 Kf6
65. Ra6+ Kf7 66. g4 Kg7 67. f5 Kf7 68. g5 Ke7 69. Ke5 Kf7 70. f6 Re8+ 71. Kf5
Ra8 72. g6+ Kf8 73. Rb6 Rxa7 74. Rb8# 1-0

[Event "32. Copenhagen Open (Politiken Cup)"]
[Site "Elsinore"]
[Date "2010.08.08"]
[Round "10"]
[White "Dyrgaard, Kristoffer"]
[Black "Carnstam, Tomas"]
[Result "1/2-1/2"]
[WhiteElo "2254"]
[BlackElo "2004"]
[PlyCount "73"]
[EventDate "2010.07.31"]
[EventType "swiss"]
[EventRounds "10"]
[EventCountry "DEN"]
[Source "ChessBase"]
[SourceDate "2010.09.01"]

1. e4 c5 2. Nf3 Nc6 3. d4 cxd4 4. Nxd4 e5 5. Nb5 a6 6. Nd6+ Bxd6 7. Qxd6 Qf6 8.
Qxf6 Nxf6 9. Nc3 d5 10. exd5 Nb4 11. Bd3 Nxd3+ 12. cxd3 Bf5 13. O-O O-O-O 14.
Bg5 Bxd3 15. Rfd1 Bf5 16. d6 Kb8 17. Nd5 Rxd6 18. Nxf6 Rxd1+ 19. Rxd1 gxf6 20.
Bxf6 Re8 21. f3 e4 22. fxe4 Rxe4 23. Rd2 Re8 24. Kf2 Kc7 25. a3 Be4 26. g4 Re6
27. g5 h6 28. Bd8+ Kc6 29. gxh6 Rxh6 30. Ke3 Bd5 31. h4 f6 32. Rd4 Kd6 33. Rf4
Ke5 34. Bc7+ Ke6 35. Bd8 Bc6 36. Kd4 f5 37. Bg5 1/2-1/2

[Event "32. Copenhagen Open (Politiken Cup)"]
[Site "Elsinore"]
[Date "2010.08.08"]
[Round "10"]
[White "Eisele, Per"]
[Black "Molvig, Henrik"]
[Result "1/2-1/2"]
[WhiteElo "1804"]
[BlackElo "2179"]
[PlyCount "35"]
[EventDate "2010.07.31"]
[EventType "swiss"]
[EventRounds "10"]
[EventCountry "DEN"]
[Source "ChessBase"]
[SourceDate "2010.09.01"]

1. Nc3 c5 2. Nf3 Nc6 3. d4 d5 4. Bf4 Bg4 5. e3 e6 6. Qd2 Bxf3 7. gxf3 cxd4 8.
exd4 a6 9. h4 h5 10. Ne2 g6 11. c3 Bg7 12. Ng3 Nh6 13. Bd3 Ne7 14. O-O-O Nhf5
15. Nxf5 Nxf5 16. Bxf5 gxf5 17. Rdg1 Bf6 18. Bg5 1/2-1/2

[Event "32. Copenhagen Open (Politiken Cup)"]
[Site "Elsinore"]
[Date "2010.08.08"]
[Round "10"]
[White "Eklund, Joel"]
[Black "Kristinsson, Bjarni Jens"]
[Result "1-0"]
[WhiteElo "2192"]
[BlackElo "2044"]
[PlyCount "127"]
[EventDate "2010.07.31"]
[EventType "swiss"]
[EventRounds "10"]
[EventCountry "DEN"]
[Source "ChessBase"]
[SourceDate "2010.09.01"]

1. d4 d5 2. Bg5 c6 3. e3 Qb6 4. Qc1 Bf5 5. Nf3 h6 6. Bh4 e6 7. Be2 Be7 8. Bg3
Nf6 9. O-O O-O 10. c4 c5 11. Nc3 dxc4 12. Na4 Qb4 13. Nxc5 Bxc5 14. a3 Qa5 15.
dxc5 Qxc5 16. Qxc4 Nbd7 17. Nd4 Bg6 18. Rac1 Rac8 19. Qxc5 Rxc5 20. Rxc5 Nxc5
21. Bd6 Rc8 22. Rc1 Nfe4 23. Be7 Rc7 24. Bd8 Rd7 25. Bh4 e5 26. Bg4 Rd5 27. Nf5
Bxf5 28. Bxf5 g5 29. Bg3 Nxg3 30. hxg3 e4 31. g4 a5 32. b4 axb4 33. axb4 Na6
34. Bxe4 Rb5 35. Rb1 Rxb4 36. Rxb4 Nxb4 37. Bxb7 Nd3 38. g3 Ne5 39. Bc8 Kf8 40.
Kg2 Ke7 41. f4 Nc4 42. Kf2 f6 43. Bb7 Kd6 44. Ke2 Kc5 45. Kd3 Nd6 46. Ba6 Nf7
47. Bc8 Nd6 48. Bd7 Nf7 49. Be6 Nd6 50. e4 Nb5 51. e5 fxe5 52. fxe5 Nd4 53. Bf7
Nc6 54. Ke4 Ne7 55. Be8 Nd5 56. Bd7 Ne7 57. Ba4 Nd5 58. Be8 Ne7 59. Bd7 Kb6 60.
e6 Kc7 61. Ke5 Kd8 62. Kf6 Nd5+ 63. Kf7 Nc7 64. Bc6 1-0